[Event "Primera"]
[Site ""]
[Date "2006.??.??"]
[Round "2"]
[White "Delso Jaime"]
[Black "Larrosa Marcos"]
[Result "1-0"]
[WhiteElo "1708"]
[BlackElo "1676"]

1.e4 e6 2.d4 d5 3.Nc3 Nf6 4.e5 Nfd7 5.f4 c5 6.Nf3 Nc6 7.Bb5 Ndb8 8.Be3 Qb6 9.
a4 a6 10.a5 Qd8 11.Ba4 c4 12.Ng5 h6 13.Qh5 g6 14.Qh3 Bg7 15.Nf3 Bd7 16.O-O Nb4
17.Bd2 N8c6 18.Na2 Nxa2 19.Rxa2 Qe7 20.b4 Na7 21.Bxd7+ Qxd7 22.Nh4 O-O-O 23.g4
Nb5 24.c3 Qe8 25.f5 g5 26.Ng2 f6 27.exf6 Bxf6 28.Re1 Nc7 29.Bc1 h5 30.Rae2 Rd6
31.Qg3 Qd7 32.Ne3 h4 33.Qf3 Re8 34.fxe6 Rdxe6 35.Nf5 Rxe2 36.Rxe2 Rxe2 37.Qxe2
Qe6 38.Kf2 Qxe2+ 39.Kxe2 Kd7 40.Kf3 Kc6 41.Nh6 Kb5 42.Nf7 Ne6 43.Nd6+ Kc6 44.
Nf7 b6 45.axb6 Kxb6 46.Be3 Kb5 47.Nd6+ Ka4 48.Bd2 Kb3 49.b5 axb5 50.Nxb5 Kc2
51.Ke2 Bd8 52.Nd6 Bc7 53.Nf5 Bxh2 54.Ne3+ Kb2 55.Nxd5 Nf4+ 56.Nxf4 Bxf4 57.
Bxf4 gxf4 58.d5 h3 59.Kf2 Kxc3 60.d6 Kb2 61.d7 c3 62.d8=Q c2 63.Qb6+ Kc3 64.
Qc5+ Kd2 65.Qd4+ 1-0

[Event "Primera"]
[Site ""]
[Date "2006.??.??"]
[Round "2"]
[White "Quintín Alberto"]
[Black "Sacristán Alberto"]
[Result "1-0"]
[WhiteElo "1792"]
[BlackElo "1612"]

1.e4 c5 2.Nf3 d6 3.d4 cxd4 4.Nxd4 Nf6 5.Nc3 a6 6.Be2 e6 7.f4 Be7 8.a4 Nc6 9.
Be3 Qc7 10.O-O Nxd4 11.Bxd4 e5 12.Be3 Qc6 13.Bf3 exf4 14.e5 Qc7 15.exf6 Bxf6
16.Nd5 Qd8 17.Bb6 1-0

[Event "Primera"]
[Site ""]
[Date "2006.??.??"]
[Round "2"]
[White "De Pablo Tomás"]
[Black "Casanova Gabriel"]
[Result "1/2-1/2"]
[WhiteElo "1716"]
[BlackElo "1641"]

1.d4 Nf6 2.c4 g6 3.Nc3 Bg7 4.e4 d6 5.Bf4 O-O 6.Nf3 Nbd7 7.Bd3 Nh5 8.Bg3 e5 9.
d5 Nc5 10.b4 Nxd3+ 11.Qxd3 f5 12.Bh4 Bf6 13.Bxf6 Qxf6 14.Nd2 Qg5 15.g3 f4 16.
Nf3 Qf6 17.Nh4 fxg3 18.fxg3 Qf2+ 19.Kd1 Bg4+ 20.Kc1 Rf7 21.a3 a6 22.Ra2 Qf6
23.Nd1 Bxd1 24.Rxd1 Raf8 1/2-1/2

[Event "Primera"]
[Site ""]
[Date "2006.??.??"]
[Round "2"]
[White "Casas José Antonio"]
[Black "Sáinz de la Maza Pilar"]
[Result "1-0"]
[WhiteElo "1768"]
[BlackElo "1629"]

1.Nf3 d5 2.d4 e6 3.c4 Nf6 4.Bg5 Be7 5.e3 O-O 6.Nbd2 Nbd7 7.Bd3 h6 8.Bh4 b6 9.
cxd5 exd5 10.O-O Bb7 11.Qa4 Ne4 12.Bxe7 Qxe7 13.Bb5 Ndf6 14.Bc6 Bxc6 15.Qxc6
Nxd2 16.Nxd2 Rfd8 17.Rac1 Ne8 18.Rc2 Qd6 19.Rfc1 Rac8 20.Nf3 Qxc6 21.Rxc6 Rd6
22.Ne5 Rcd8 23.a3 f6 24.Nd3 Rxc6 25.Rxc6 Rd6 26.Nb4 Kf7 27.Rxd6 Nxd6 28.Nxd5
c6 29.Nc3 Nc4 30.Nd1 Ke6 31.Kf1 Kd5 32.Ke2 f5 33.Kd3 b5 34.f3 Ke6 35.a4 a6 36.
Kc3 Nb6 37.axb5 axb5 38.Kb4 Kd6 39.Nc3 Nc4 40.Nd1 Nb6 41.b3 Nd5+ 42.Ka5 Kc7
43.e4 fxe4 44.fxe4 Nf4 45.Ne3 Ne6 46.d5 Nc5 47.dxc6 Kxc6 48.Kb4 Nxe4 49.Nf5
Nf2 50.Nxg7 Nd3+ 51.Kc3 Nf4 52.g3 Nd5+ 53.Kd4 Nf6 54.h3 Nh7 55.Nf5 Ng5 56.Nxh6
Nxh3 57.Nf5 Ng5 58.b4 Nf3+ 59.Ke3 Ne5 60.Ne7+ Kd6 61.Ke4 Nc4 62.Nf5+ Kc6 63.g4
Nb6 64.Nd4+ 1-0

[Event "Primera"]
[Site ""]
[Date "2006.??.??"]
[Round "2"]
[White "Abad Jesús Manuel"]
[Black "Gregorio Alberto"]
[Result "1-0"]
[WhiteElo "1851"]
[BlackElo "1586"]

1.e4 e6 2.d4 d5 3.e5 c5 4.c3 Nc6 5.Nf3 Qb6 6.a3 Nge7 7.Bd3 cxd4 8.cxd4 Bd7 9.
Bc2 Nf5 10.Bxf5 exf5 11.Nc3 Be6 12.O-O Be7 13.b4 a6 14.h4 O-O 15.Re1 Rac8 16.
Na4 Qa7 17.Be3 h6 18.Qd2 Kh7 19.g3 f4 20.Bxf4 Bg4 21.Nh2 Nxd4 22.Be3 Bd7 23.
Bxd4 1-0

[Event "Primera"]
[Site ""]
[Date "2006.??.??"]
[Round "3"]
[White "Donoso Alejandro"]
[Black "Nasarre Tomás"]
[Result "1-0"]
[WhiteElo "1786"]
[BlackElo "1764"]

1.e4 c5 2.Nf3 d6 3.d4 cxd4 4.Nxd4 Nf6 5.Nc3 g6 6.f3 Bg7 7.Be3 Nc6 8.Qd2 O-O 9.
O-O-O Bd7 10.g4 Nxd4 11.Bxd4 Bc6 12.h4 Nd7 13.Bxg7 Kxg7 14.h5 Rh8 15.Qd4+ f6
16.h6+ Kf8 17.g5 Qb6 18.gxf6 Qxd4 19.fxe7+ Kxe7 20.Rxd4 Rhf8 21.Bg2 Ne5 22.Rf1
g5 23.Nd1 Rf6 24.Ne3 Kf7 25.Nf5 Rd8 26.Rfd1 d5 27.c4 Rc8 28.b3 dxc4 29.Kb1
cxb3 30.axb3 Rc7 31.Rd8 Rd7 32.Nd6+ Kg6 33.Rg8+ Kxh6 34.Rh1# 1-0

[Event "Primera"]
[Site ""]
[Date "2006.??.??"]
[Round "3"]
[White "Jiménez Alejandro"]
[Black "Rubio Abel"]
[Result "1/2-1/2"]
[WhiteElo "1719"]
[BlackElo "1817"]

1.d4 Nf6 2.c4 c5 3.d5 b5 4.cxb5 a6 5.bxa6 Bxa6 6.Nc3 g6 7.g3 d6 8.Bg2 Bg7 9.e4
Nbd7 10.Nge2 Ne5 11.O-O O-O 12.Qc2 Qb6 13.Rd1 Rfb8 14.Na4 Qa7 15.Nec3 Rb7 16.
b3 Rab8 17.Bf4 Nfd7 18.Rab1 Rc7 19.h3 Rbb7 20.Be3 Nf6 1/2-1/2

[Event "Primera"]
[Site ""]
[Date "2006.??.??"]
[Round "3"]
[White "Iglesias Luis"]
[Black "Bosque José Luis"]
[Result "1-0"]
[WhiteElo "1748"]
[BlackElo "1784"]

1.Nf3 d5 2.d3 Nf6 3.g3 g6 4.Bg2 Bg7 5.O-O O-O 6.Nbd2 c5 7.e4 dxe4 8.dxe4 Bg4
9.h3 Bxf3 10.Bxf3 Nc6 11.Nb3 c4 12.Nc5 Ne5 13.Bg2 Qc7 14.Na4 b5 15.Nc3 Rad8
16.Qe2 Qa5 17.f4 Nc6 18.e5 Nd4 19.Qf2 Ne8 20.Be3 Nf5 21.Bxa7 Nxg3 22.Bb6 Rd2
23.Bxa5 Rxf2 24.Rxf2 f6 25.Nd5 1-0

[Event "Primera"]
[Site ""]
[Date "2006.??.??"]
[Round "3"]
[White "Lera José Carlos"]
[Black "Tirapo Ana"]
[Result "1/2-1/2"]
[WhiteElo "1590"]
[BlackElo "1868"]

1.d4 Nf6 2.c4 g6 3.Nc3 Bg7 4.e4 d6 5.Be3 O-O 6.Bd3 Nbd7 7.f3 e5 8.d5 Nh5 9.
Nge2 Nc5 10.Bc2 a5 11.O-O f5 12.a3 f4 13.Bf2 Bd7 14.b4 axb4 15.axb4 Na6 16.b5
Nc5 17.Rxa8 Qxa8 18.Qa1 1/2-1/2

[Event "Primera"]
[Site ""]
[Date "2006.??.??"]
[Round "3"]
[White "Añaños Diego"]
[Black "Tello Rafael"]
[Result "0-1"]
[WhiteElo "1658"]
[BlackElo "1578"]

1.e4 c5 2.Nf3 d6 3.d4 cxd4 4.Nxd4 Nf6 5.Nc3 a6 6.f3 e5 7.Nb3 Be7 8.Be3 Be6 9.
Qd2 Qc7 10.O-O-O b5 11.g4 Nbd7 12.h4 Nb6 13.Na5 b4 14.Nb1 O-O 15.Qxb4 Rab8 16.
Qc3 Qd7 17.h5 Rfc8 18.Qd2 Bxa2 19.Nc3 Na4 20.Bxa6 Rxc3 0-1

[Event "Primera"]
[Site ""]
[Date "2006.??.??"]
[Round "3"]
[White "Juni Marcos"]
[Black "Calvo Rafael"]
[Result "1/2-1/2"]
[WhiteElo "1631"]
[BlackElo "1620"]

1.e4 d6 2.d4 Nf6 3.Nc3 g6 4.f4 Bg7 5.Nf3 O-O 6.Be3 c5 7.Bd3 cxd4 8.Bxd4 Nc6 9.
Be3 Nb4 10.Bc4 Nxe4 1/2-1/2

[Event "Primera"]
[Site ""]
[Date "2006.??.??"]
[Round "3"]
[White "Pérez José María"]
[Black "Lorente Antonio"]
[Result "1-0"]
[WhiteElo "1604"]
[BlackElo "1773"]

1.e4 e5 2.Nf3 Nc6 3.c3 Nf6 4.d4 exd4 5.e5 Nd5 6.cxd4 Bb4+ 7.Bd2 Qe7 8.Qb3
Bxd2+ 9.Nbxd2 Nf4 10.Qe3 Ng6 11.Bb5 Qb4 12.Qb3 O-O 13.Bxc6 Qxb3 14.Nxb3 bxc6
15.O-O Ba6 16.Rfe1 Bc4 17.Nc5 d6 18.exd6 cxd6 19.Nb7 d5 20.b3 Bd3 21.Rac1 Rac8
22.Nc5 Nf4 23.Kh1 f5 24.Ne5 Rfe8 25.Nexd3 Ne2 26.Rcd1 Nxd4 27.Rxe8+ Rxe8 28.
Re1 Rc8 29.Re7 a5 30.Nb7 Ra8 31.Nd6 Rd8 32.Re8+ Rxe8 33.Nxe8 Nb5 34.Ne5 Kf8
35.Nxg7 Kxg7 36.Nxc6 d4 37.Nxa5 Na3 38.b4 d3 39.Nb3 Kf6 40.Kg1 Ke5 41.Kf1 Kd5
42.Ke1 Nc2+ 43.Kd2 Nxb4 44.a4 Kc4 45.Nc1 Kd4 46.a5 Kc4 47.h3 h5 48.g3 Kb5 49.
Nxd3 Nd5 50.Nf4 Nf6 51.Ke3 Kxa5 52.Kd4 Ne4 53.Ke5 Nxf2 54.Kxf5 Nh1 55.Nxh5 Kb6
56.g4 Nf2 57.Nf4 1-0

[Event "Primera"]
[Site ""]
[Date "2006.??.??"]
[Round "3"]
[White "Mánguez José Luis"]
[Black "Delso Jaime"]
[Result "1-0"]
[WhiteElo "1825"]
[BlackElo "1708"]

1.d4 d5 2.e4 dxe4 3.Nc3 Nf6 4.f3 exf3 5.Nxf3 e6 6.Bd3 c6 7.O-O Bd6 8.Qe1 Qc7
9.Qh4 Nbd7 10.Bg5 b6 11.Ne4 Nxe4 12.Bxe4 Ba6 13.Rf2 Nf8 14.Re1 Bb7 15.c4 Be7
16.d5 Bc5 17.Be3 cxd5 18.cxd5 Bxe3 19.Rxe3 Qc1+ 20.Re1 Qc5 21.dxe6 Bxe4 22.
exf7+ Kxf7 23.Qxe4 Rc8 24.Ne5+ Kg8 25.Nd7 Qd6 26.Nxf8 Rxf8 27.Qc4+ 1-0

[Event "Primera"]
[Site ""]
[Date "2006.??.??"]
[Round "3"]
[White "García Obdulio"]
[Black "Casas José Antonio"]
[Result "1/2-1/2"]
[WhiteElo "1731"]
[BlackElo "1768"]

1.d4 d5 2.c4 e6 3.Nc3 Nf6 4.e3 Be7 5.Nf3 O-O 6.Bd2 c5 7.dxc5 Bxc5 8.cxd5 Nxd5
9.Bc4 Nxc3 10.Bxc3 b6 11.O-O Ba6 12.Bxa6 Nxa6 13.Qa4 Nc7 14.Qg4 f6 15.a4 Qe7
16.b4 Bd6 17.b5 Nd5 18.Bb2 Bb4 19.Nd4 f5 20.Qf3 Bc3 21.Nc6 Qf6 22.Bxc3 Nxc3
23.Ra3 e5 24.Qh5 e4 25.Rxc3 Qxc3 26.Ne7+ Kh8 27.Ng6+ Kg8 28.Nxf8 Rxf8 29.Rd1
Qc7 30.g3 Qf7 31.Qg5 Qf6 32.h4 Qxg5 33.hxg5 Rf7 34.Kg2 Rc7 35.Rd4 Kf7 36.g4
Kg6 37.gxf5+ Kxf5 38.Kg3 Re7 39.Kh4 Rf7 40.Kg3 Ke5 41.Rd2 Rc7 42.Rd4 Rf7
1/2-1/2

[Event "Primera"]
[Site ""]
[Date "2006.??.??"]
[Round "3"]
[White "Cuartero Argimiro"]
[Black "Carilla Angel"]
[Result "0-1"]
[WhiteElo "1710"]
[BlackElo "1847"]

1.e4 e6 2.Qe2 Be7 3.Nf3 c5 4.g3 b6 5.Bg2 Bb7 6.d3 d5 7.Nbd2 Nd7 8.O-O Qc7 9.c3
Ngf6 10.e5 Ng4 11.d4 cxd4 12.cxd4 Rc8 13.Ne1 Nh6 14.b3 Qc3 15.Rb1 Qxd4 16.Bb2
Qb4 17.Nef3 O-O 18.Nd4 Qa5 19.Rfc1 Bb4 20.Nc4 Qa6 21.Nd6 Qxe2 22.Nxe2 Bxd6 23.
exd6 Rxc1+ 24.Rxc1 Rc8 25.Nd4 Rxc1+ 26.Bxc1 Ng4 27.Nb5 a6 28.Nc7 Ngf6 29.Bf1
Ne4 30.Ba3 Nc3 31.Bxa6 Bxa6 32.Nxa6 Nxa2 33.Bb2 e5 34.Kf1 f6 35.Ke2 Kf7 36.Kd3
Nc5+ 37.Nxc5 bxc5 38.g4 Ke6 39.d7 Kxd7 40.f3 Ke6 41.Ba3 Nb4+ 42.Kc3 Na6 43.Kd3
g6 44.Ke3 Nb4 45.Bb2 f5 46.h3 h5 47.gxh5 gxh5 48.h4 f4+ 49.Ke2 e4 50.Bg7 Nc2
51.fxe4 dxe4 52.Bh6 Kf5 53.Kd2 Nd4 54.Kc3 Ne6 55.Kc4 Kg4 56.Bg5 e3 57.Kd3 Nxg5
0-1

[Event "Primera"]
[Site ""]
[Date "2006.??.??"]
[Round "3"]
[White "Laborda Oscar"]
[Black "Abad Jesús Manuel"]
[Result "1/2-1/2"]
[WhiteElo "1662"]
[BlackElo "1851"]

1.e4 e6 2.Nc3 d5 3.exd5 exd5 4.d4 Bf5 5.Bd3 Bxd3 6.Qxd3 Nf6 7.Bg5 Be7 8.Bxf6
Bxf6 9.Qb5+ Nd7 10.Qxd5 O-O 11.Nge2 c6 12.Qc4 Nb6 13.Qd3 Re8 14.O-O Nd5 15.
Nxd5 Qxd5 16.c3 c5 17.b3 Rad8 18.Rad1 cxd4 19.Nxd4 Re4 20.Rfe1 Rxe1+ 21.Rxe1
Qa5 22.Re2 h6 23.g3 Qc5 24.b4 Qg5 25.Re1 Qd5 26.Re2 a6 27.a4 Rc8 28.a5 g6 29.
Rd2 Re8 30.Nf3 Qh5 31.Qd7 Rd8 32.Qxb7 Rxd2 33.Nxd2 Qd1+ 34.Nf1 Qd3 35.b5 Bxc3
36.bxa6 Bd4 37.a7 Bxf2+ 38.Kg2 Bxa7 39.Qxa7 h5 40.Qb6 h4 41.Qb8+ Kh7 42.Qb7
1/2-1/2

[Event "Primera"]
[Site ""]
[Date "2006.??.??"]
[Round "3"]
[White "Sanz Alberto"]
[Black "Domínguez Alejandro"]
[Result "0-1"]
[WhiteElo "1860"]
[BlackElo "1779"]

1.e4 c5 2.f4 Nc6 3.Nf3 d6 4.c4 e6 5.Be2 Be7 6.O-O Nf6 7.d3 a6 8.b3 b5 9.Nbd2
Ng4 10.Nb1 Qb6 11.h3 Nf6 12.Be3 Qc7 13.Nbd2 d5 14.e5 Nh5 15.Kh2 g6 16.Rc1 Bb7
17.cxd5 exd5 18.d4 Ng7 19.g4 h5 20.g5 Nf5 21.Bf2 Qb6 22.Nb1 b4 23.Bd3 Ng7 24.
Rc2 a5 25.Qe2 Ba6 26.Bxa6 Qxa6 27.Qxa6 Rxa6 28.Rfc1 Kd7 29.Ne1 Rc8 30.Nd3 Nf5
31.Nxc5+ Bxc5 32.Rxc5 Raa8 33.Rd1 Nce7 34.Rdc1 Rc6 35.Nd2 Rac8 36.Nf3 Rxc5 37.
dxc5 Kc6 38.a4 Rd8 39.Kg1 d4 40.Nd2 Ne3 41.Ne4 N7d5 42.Bxe3 Nxe3 43.Nd6 d3 44.
Nxf7 Rf8 45.f5 Rxf7 46.fxg6 Rg7 0-1

[Event "Primera"]
[Site ""]
[Date "2006.??.??"]
[Round "3"]
[White "Gonzalo Jorge"]
[Black "Charles Eduardo"]
[Result "1-0"]
[WhiteElo "1687"]
[BlackElo "1652"]

1.e4 c5 2.Bc4 Nc6 3.Nf3 e6 4.Nc3 Nf6 5.d3 Na5 6.Bb3 Nxb3 7.axb3 h6 8.Be3 b6 9.
Qd2 Bb7 10.Bf4 Nh5 11.O-O Nxf4 12.Qxf4 d6 13.Nd2 Be7 14.Nc4 Qd7 15.Rfe1 O-O
16.Qg4 f5 17.exf5 Rxf5 18.h4 Raf8 19.Re2 Rf4 20.Qxe6+ Qxe6 21.Rxe6 Bxh4 22.f3
d5 23.Ne5 R4f6 24.Re7 Rf5 25.Ng6 Bxe7 26.Nxe7+ Kh7 27.Nxf5 Rxf5 28.Rxa7 Bc8
29.Rc7 Be6 30.Rc6 Re5 31.Kf2 g5 32.Rxb6 Kg7 33.Rc6 Kf6 34.Rxc5 h5 35.Ne2 h4
36.b4 g4 37.fxg4 Bxg4 38.Nd4 Rh5 39.b5 Ke5 40.c3 h3 41.gxh3 Rxh3 42.b6 Rxd3
43.b3 Kd6 44.Rc6+ Kd7 45.b7 Rxd4 46.cxd4 Kxc6 47.b8=Q Kd7 48.Qb6 1-0

[Event "Primera"]
[Site ""]
[Date "2006.??.??"]
[Round "3"]
[White "Planas Alberto"]
[Black "Pérez David"]
[Result "1-0"]
[WhiteElo "1837"]
[BlackElo "1671"]

1.e4 c6 2.d4 d5 3.e5 Bf5 4.g4 Bg6 5.h4 h5 6.g5 e6 7.Be2 Na6 8.Nh3 Nb4 9.Na3
Qb6 10.c3 Na6 11.b4 Ne7 12.Nc2 Bxc2 13.Qxc2 Nf5 14.g6 fxg6 15.Bg5 Nxb4 16.cxb4
Bxb4+ 17.Kf1 Rf8 18.Kg2 Qxd4 19.Nf4 Kd7 20.Nxg6 Rf7 21.Rhd1 Qxf2+ 22.Kxf2 Nd4+
23.Kg2 Nxc2 24.Rac1 Na3 25.Bxh5 1-0

[Event "Primera"]
[Site ""]
[Date "2006.??.??"]
[Round "3"]
[White "Casterá Rafael"]
[Black "Glez-Mendoza José Antonio"]
[Result "0-1"]
[WhiteElo "1672"]
[BlackElo "1704"]

1.e4 e5 2.Nf3 Nc6 3.Bc4 Be7 4.d4 d6 5.d5 Nb8 6.Bd3 Nf6 7.h3 Nbd7 8.b4 O-O 9.
O-O c5 10.b5 Nb6 11.c4 a6 12.Nc3 Ne8 13.a4 a5 14.Rb1 f5 15.exf5 Bxf5 16.Bxf5
Rxf5 17.Qd3 Rf8 18.Nh2 Bg5 19.Bxg5 Qxg5 20.Rbe1 Nf6 21.Ne4 Qg6 22.f4 Nxe4 23.
Rxe4 exf4 24.Qf3 Qg3 25.Qd1 Rae8 26.Rf3 Qg5 27.Qe1 Rxe4 28.Qxe4 Qe5 29.Qc2
Qd4+ 30.Rf2 Qxc4 31.Qd1 Qd4 32.Qe1 Qe5 33.Re2 Qxd5 34.Qxa5 Nc4 35.Qe1 Qd4+ 36.
Kh1 b6 37.Nf3 Qd5 38.Re7 Ne3 39.Qh4 Nf5 40.Qg5 Nxe7 41.Qxe7 c4 42.Ng5 Qe5 43.
Ne6 Ra8 44.a5 c3 45.a6 c2 46.Qc7 Qe1+ 47.Kh2 Qxe6 48.Qxc2 Qd5 49.Qc7 Qxb5 50.
a7 Qe8 51.Qxb6 Qd8 52.Qb7 d5 53.Kg1 d4 54.Kf2 d3 55.Ke1 Qe8+ 56.Kd2 Rd8 57.Qc7
Qe2+ 58.Kc3 Qc2+ 0-1

[Event "Primera"]
[Site ""]
[Date "2006.??.??"]
[Round "3"]
[White "Valladolid Luis"]
[Black "Cortés Cecilio"]
[Result "0-1"]
[WhiteElo "1676"]
[BlackElo "1792"]

1.e4 g6 2.d4 Bg7 3.Nf3 d6 4.Bc4 Nf6 5.Nc3 O-O 6.O-O Nbd7 7.Bf4 Nh5 8.Bg5 h6 9.
Be3 e5 10.Qd2 Kh7 11.g4 Nb6 12.Bd3 Bxg4 13.Be2 Qd7 14.dxe5 Bxf3 15.Bxf3 Bxe5
16.Bxh5 Qh3 17.Rfd1 Bxh2+ 0-1

[Event "Primera"]
[Site ""]
[Date "2006.??.??"]
[Round "3"]
[White "Lozano Francisco"]
[Black "De Pablo Tomás"]
[Result "1-0"]
[WhiteElo "1675"]
[BlackElo "1716"]

1.d4 Nf6 2.Nf3 d5 3.e3 Bg4 4.c4 c6 5.cxd5 cxd5 6.Qb3 Qc7 7.Nc3 Bxf3 8.gxf3 e6
9.Bd3 Nc6 10.Bd2 Bb4 11.Rc1 O-O 12.O-O a6 13.a3 Bd6 14.f4 Qe7 15.Be2 Rac8 16.
Kh1 Na5 17.Qd1 Nc4 18.Bxc4 Rxc4 19.Rg1 Kh8 20.Qf3 g6 21.Rg2 b5 22.Rcg1 Rfc8
23.Be1 b4 24.axb4 Bxb4 25.Rg3 Bxc3 26.bxc3 Ne4 27.Rh3 Nxc3 28.Qg4 Qf6 29.Rh6
Ne4 30.f3 Nd6 31.Bh4 Qg7 32.Bg5 Nf5 33.Rh3 Rc1 34.e4 Rxg1+ 35.Qxg1 Nd6 36.e5
Kg8 37.Bf6 Qf8 38.exd6 Qxd6 39.Qe3 Qb4 40.Kg2 Rc3 41.Qf2 Qb3 42.Rxh7 1-0

[Event "Primera"]
[Site ""]
[Date "2006.??.??"]
[Round "3"]
[White "Gimeno José Andrés"]
[Black "Sancho Jesús"]
[Result "1/2-1/2"]
[WhiteElo "1777"]
[BlackElo "1686"]

1.d4 Nf6 2.Nf3 g6 3.e3 Bg7 4.b4 O-O 5.Bb2 b6 6.Be2 Ba6 7.c4 d5 8.b5 Bb7 9.c5
c6 10.a4 Re8 11.O-O Ne4 12.Qc2 bxc5 13.dxc5 Bxb2 14.Qxb2 Nxc5 15.Nbd2 Nbd7 16.
Rfc1 Rc8 17.Nb3 Nxb3 18.Qxb3 Qa5 19.bxc6 Bxc6 20.Nd4 Nc5 21.Qa3 Bd7 22.Bb5 Qb6
23.Rab1 Qd6 24.Bxd7 Nxd7 25.Qxd6 exd6 26.Nb5 Nb6 27.a5 Rxc1+ 28.Rxc1 Rc8 29.
Rc7 Rxc7 30.Nxc7 Nc4 31.a6 Ne5 32.Nxd5 Nd7 33.Nb4 Kf8 1/2-1/2

[Event "Primera"]
[Site ""]
[Date "2006.??.??"]
[Round "3"]
[White "Garreta Javier"]
[Black "Fondón Alvaro"]
[Result "0-1"]
[WhiteElo "1680"]
[BlackElo "1658"]

1.e4 e5 2.Nf3 Nc6 3.Bc4 Bc5 4.O-O d6 5.h3 f5 6.d3 f4 7.Nc3 g5 8.Bxg8 Rxg8 9.
Nh2 g4 10.hxg4 Qg5 11.Na4 h5 12.Nxc5 dxc5 13.f3 hxg4 14.Nxg4 Bxg4 15.fxg4
O-O-O 16.Bd2 Rh8 17.Be1 Rh6 18.Kf2 Rh4 19.Bc3 Rxg4 20.Rg1 c4 21.Qf1 cxd3 22.
cxd3 Rg3 23.Rd1 Re3 24.Rh1 Qg3+ 25.Kg1 Rexd3 26.Rxd3 Qxd3 27.Qxd3 Rxd3 28.Rh5
Re3 29.Bxe5 Nxe5 30.Rxe5 Re2 31.Rb5 Rxe4 32.Kf2 c6 33.Rb3 Kc7 34.Kf3 Rd4 35.
Ke2 b5 36.Rh3 Rc4 37.Kd3 a5 38.Rh4 a4 39.g3 fxg3 40.Rxc4 bxc4+ 41.Ke3 Kd6 42.
Kf3 Kd5 43.Kxg3 Kd4 44.Kf3 Kd3 0-1

[Event "Primera"]
[Site ""]
[Date "2006.??.??"]
[Round "4"]
[White "Iglesias Luis"]
[Black "Donoso Alejandro"]
[Result "1/2-1/2"]
[WhiteElo "1748"]
[BlackElo "1786"]

1.Nf3 Nf6 2.d3 d5 3.g3 c5 4.Bg2 e6 5.O-O b6 6.Nbd2 Bb7 7.Re1 Nbd7 8.e4 d4 9.
Ng5 h6 10.Nh3 g5 11.f4 Qc7 12.a4 gxf4 13.Nxf4 Ne5 14.Nf3 Bd6 15.Nxe5 Bxe5 16.
Rf1 h5 17.Bh3 O-O-O 18.Bxe6+ fxe6 19.Nxe6 Qd7 20.Nxd8 h4 21.Nxb7 hxg3 22.Rxf6
gxh2+ 23.Kh1 Rg8 24.Nd6+ Bxd6 25.Rf1 Qg7 26.Bg5 Qxg5 27.Qf3 Bf4 28.c3 dxc3 29.
bxc3 Be5 30.Qf5+ Qxf5 31.Rxf5 Bxc3 32.Raf1 Kb7 33.Rf7+ Ka6 34.Re7 Rg7 35.Rxg7
Bxg7 36.Kxh2 Ka5 37.Rf7 Be5+ 38.Kh3 Kxa4 39.Re7 Bd4 40.Rxa7+ Kb3 41.Rb7 Kc3
42.Rxb6 Kxd3 43.Re6 c4 1/2-1/2

[Event "Primera"]
[Site ""]
[Date "2006.??.??"]
[Round "4"]
[White "Tello Rafael"]
[Black "Moreno Laura"]
[Result "1-0"]
[WhiteElo "1578"]
[BlackElo "1710"]

1.e4 e6 2.d4 d5 3.e5 c5 4.Nf3 Nc6 5.Bd3 cxd4 6.O-O Qc7 7.Bf4 Nge7 8.Re1 Ng6 9.
Bg3 Qb6 10.Nbd2 Qxb2 11.Ng5 Be7 12.Qh5 Bxg5 13.Qxg5 Qb6 14.h4 Qd8 15.Qg4 h5
16.Qh3 Nge7 17.Nf3 Bd7 18.Rab1 Qc7 19.Ng5 Ng8 20.Bf4 Nh6 21.Rb3 Ne7 22.Reb1
Bc6 23.Be2 Nhf5 24.Nf3 Ng6 25.Bh2 Qd8 26.Bd3 Ngxh4 27.Nd2 Qg5 28.Bxf5 Nxf5 29.
Qd3 Rh6 30.Nf3 Qg4 31.Rxb7 Bxb7 32.Qb5+ Kf8 33.Qxb7 Re8 34.Qxa7 Kg8 35.Qa4 Rf8
36.Qb5 1-0

[Event "Primera"]
[Site ""]
[Date "2006.??.??"]
[Round "4"]
[White "Mánguez José Luis"]
[Black "Jiménez Alejandro"]
[Result "0-1"]
[WhiteElo "1825"]
[BlackElo "1719"]

1.d4 d5 2.e4 c6 3.Nc3 dxe4 4.f3 exf3 5.Nxf3 Bg4 6.Bd3 Nf6 7.O-O Nbd7 8.Qe1 e6
9.Qh4 Be7 10.Ne4 Bxf3 11.Rxf3 Nxe4 12.Qxe4 Nf6 13.Qh4 Qd5 14.Bg5 h6 15.c4 Qxg5
0-1

[Event "Primera"]
[Site ""]
[Date "2006.??.??"]
[Round "4"]
[White "Tirapo Ana"]
[Black "Pérez José María"]
[Result "1-0"]
[WhiteElo "1868"]
[BlackElo "1604"]

1.Nf3 Nf6 2.g3 d5 3.d3 Bg4 4.Bg2 e6 5.Nbd2 Nc6 6.c3 Be7 7.O-O O-O 8.Qc2 h6 9.
e4 dxe4 10.dxe4 e5 11.Nc4 Nd7 12.Ne3 Be6 13.a4 a5 14.Rd1 Qc8 15.Nd5 Bd6 16.Nh4
Ne7 17.Nxe7+ Bxe7 18.Nf5 Bf6 19.Be3 b6 20.Qe2 Qa6 21.Qg4 Bxf5 22.exf5 Rad8 23.
Bxh6 Qc8 24.b4 axb4 25.a5 bxa5 26.Bb7 Qb8 27.Rxd7 Rxd7 28.Bxg7 Bxg7 29.f6 1-0

[Event "Primera"]
[Site ""]
[Date "2006.??.??"]
[Round "4"]
[White "Rubio Abel"]
[Black "Lera José Carlos"]
[Result "1-0"]
[WhiteElo "1817"]
[BlackElo "1590"]

1.d4 d5 2.Nf3 e6 3.Bg5 Nf6 4.e3 c5 5.c3 cxd4 6.exd4 Be7 7.Bd3 O-O 8.O-O b6 9.
Qe2 a5 10.Ne5 Qc7 11.b3 Ba6 12.c4 Re8 13.Nd2 Nbd7 14.Rac1 Qb7 15.f4 Rac8 16.
Rf3 Ba3 17.Rcf1 dxc4 18.bxc4 h6 19.Nxd7 Qxd7 20.Bxf6 gxf6 21.Rg3+ Kf8 22.Qe3
Bb2 23.d5 exd5 24.Qxb6 Bxc4 25.Qxb2 Bxd3 26.Rxd3 Qd6 27.Qa3 Qxa3 28.Rxa3 Rc2
29.Nf3 Ree2 30.g3 d4 31.Rd3 Rxa2 32.Rxd4 a4 33.Rfd1 a3 34.R4d2 Raxd2 35.Rxd2
a2 36.Rd8+ Ke7 37.Ra8 Rb2 38.Ne1 Ke6 39.Ra5 Kd6 40.h4 Kc6 41.Kf1 Kb6 42.Ra3
Kb5 43.g4 Kc4 44.g5 fxg5 45.fxg5 hxg5 46.h5 Rh2 47.h6 Kb4 48.Ra8 Kb3 49.Rb8+
Ka3 50.Ra8+ Kb2 51.Rb8+ Ka1 52.Kg1 Rb2 53.Rxb2 Kxb2 54.h7 a1=Q 55.h8=Q+ Kb1
56.Qh7+ Kc1 57.Qc2# 1-0

[Event "Primera"]
[Site ""]
[Date "2006.??.??"]
[Round "4"]
[White "Carilla Angel"]
[Black "Casas José Antonio"]
[Result "1/2-1/2"]
[WhiteElo "1847"]
[BlackElo "1768"]

1.d4 d5 2.c4 e6 3.Nc3 Nf6 4.Bg5 Be7 5.e3 O-O 6.Nf3 b6 7.cxd5 Nxd5 8.Bxe7 Qxe7
9.Qb3 Nxc3 10.Qxc3 Ba6 11.Bc4 Bxc4 12.Qxc4 Nd7 13.O-O c5 14.Rac1 Rfc8 15.Qa6
Rc7 16.Rc2 Rac8 17.Rfc1 Nf6 18.Qa3 Nd5 19.dxc5 Rxc5 20.Rxc5 Rxc5 21.Rxc5 Qxc5
22.Qxc5 bxc5 23.a3 c4 24.Nd4 Kf8 25.Ne2 Ke7 26.e4 Nb6 27.Nc3 Kf6 28.f4 e5 29.
g3 Ke6 30.Kf2 Kd6 31.Ke3 f6 32.f5 1/2-1/2

[Event "Primera"]
[Site ""]
[Date "2006.??.??"]
[Round "4"]
[White "Martínez Esteban"]
[Black "Juni Marcos"]
[Result "0-1"]
[WhiteElo "1761"]
[BlackElo "1631"]

1.b4 e5 2.Bb2 e4 3.e3 Nf6 4.a3 d5 5.c4 c6 6.d4 Bd6 7.cxd5 cxd5 8.Nc3 a6 9.Nge2
Qe7 10.g3 Bg4 11.Bg2 Nbd7 12.Rc1 Qd8 13.O-O Nb6 14.h3 Be6 15.Na4 Nc4 16.Rxc4
dxc4 17.Nc5 Bxc5 18.bxc5 Qd7 19.Nf4 Bd5 20.Nxd5 Qxd5 21.Qa4+ b5 22.cxb6+ Qb5
23.Qc2 O-O 24.Rb1 Qxb6 25.Bxe4 Nxe4 26.Qxe4 Rab8 27.d5 c3 28.Bxc3 Qxb1+ 29.
Qxb1 Rxb1+ 30.Kg2 Rd8 31.e4 f5 32.f3 Rc1 0-1

[Event "Primera"]
[Site ""]
[Date "2006.??.??"]
[Round "4"]
[White "Nasarre Tomás"]
[Black "Teixidó Benedí Andrés"]
[Result "1/2-1/2"]
[WhiteElo "1764"]
[BlackElo "1694"]

1.e4 c5 2.Nf3 Nc6 3.d4 cxd4 4.Nxd4 g6 5.Be3 Bg7 6.Nc3 Nf6 7.f3 d6 8.Bc4 O-O 9.
Qd2 a6 10.Bb3 Nxd4 11.Bxd4 b5 12.Nd5 Nd7 13.Bxg7 Kxg7 14.Nf4 Nc5 15.Bd5 Bb7
16.b4 Bxd5 17.Nxd5 Nd7 18.O-O Nb6 19.Qd4+ Kg8 20.Qxb6 Qd7 21.Qd4 Rab8 22.e5
Rfc8 23.exd6 Qxd6 24.Qe4 Rc4 25.Qd3 Rh4 26.f4 Rd8 27.Rad1 Kf8 28.Qc3 f6 29.Ne3
Qb6 30.Rxd8+ Qxd8 31.Rd1 Qb6 32.Qc5 Qb7 33.Qd5 Qa7 34.Qd4 Qb7 35.Nd5 Rh5 36.g4
Rh3 37.Nxf6 Qf3 38.Nd7+ Kg8 39.Qd5+ Qxd5 40.Rxd5 Rc3 41.Nc5 Rxc2 42.Nxa6 Rxa2
43.Rxb5 Rxa6 44.Rb8+ Kf7 45.b5 Ra1+ 46.Kf2 Ra2+ 47.Ke3 Rxh2 48.b6 Rb2 49.b7
Ke6 50.f5+ Kd7 51.fxg6 hxg6 1/2-1/2

[Event "Primera"]
[Site ""]
[Date "2006.??.??"]
[Round "4"]
[White "Domínguez Alejandro"]
[Black "Gonzalo Jorge"]
[Result "1-0"]
[WhiteElo "1779"]
[BlackElo "1687"]

1.d4 d5 2.c4 e6 3.Nc3 Nf6 4.Nf3 c5 5.Bg5 Be7 6.e3 Nc6 7.Be2 Nh5 8.Bxe7 Qxe7 9.
cxd5 exd5 10.Nxd5 Qd8 11.Nc3 O-O 12.dxc5 Qa5 13.O-O Qxc5 14.Rc1 Qe7 15.a3 Nf6
16.Qc2 Ne5 17.Rfd1 Bg4 18.Nxe5 Qxe5 19.Rd4 Bxe2 20.Qxe2 Rad8 21.Rcd1 Qe7 22.
Qb5 h6 23.Qa5 b6 24.Qa4 Rxd4 25.Qxd4 Qe6 26.Nb5 Qe7 27.Qa4 Qe5 28.Nd4 Qc7 29.
Qc6 Qe5 30.Rc1 Ng4 31.Qc7 Qf6 32.Rc2 Qg5 33.Qg3 Qa5 34.Rc1 Nf6 35.h3 Qd2 36.
Rc2 Qa5 37.Rc7 Qe1+ 38.Kh2 Ne4 39.Qf3 Nxf2 40.Rxa7 Qh1+ 41.Kg3 Nd3 42.Nc6 Qe1+
43.Kh2 Nxb2 44.Ne7+ Kh8 45.Ng6+ Kg8 46.Nxf8 Qc3 47.Qxf7+ Kh8 48.Ng6+ Kh7 49.
Ra8 1-0

[Event "Primera"]
[Site ""]
[Date "2006.??.??"]
[Round "4"]
[White "Glez-Mendoza José Antonio"]
[Black "Lozano Francisco"]
[Result "1/2-1/2"]
[WhiteElo "1704"]
[BlackElo "1675"]

1.d4 d5 2.Nf3 Nf6 3.e3 e6 4.Bd3 c5 5.c3 Be7 6.Nbd2 Nc6 7.O-O Qc7 8.e4 cxd4 9.
cxd4 dxe4 10.Nxe4 Nxe4 11.Bxe4 O-O 12.Be3 Bd7 13.Rc1 Bf6 14.Bg5 Qd8 15.Bf4 Rc8
16.Bb1 Nxd4 17.Nxd4 Rxc1 18.Qxc1 Bxd4 19.Rd1 Bc6 20.Be3 e5 21.Bxd4 exd4 22.Qf4
Re8 23.h3 Re2 24.b3 Qd5 25.Qg4 Qe6 26.Qxd4 Re1+ 27.Kh2 Rxd1 28.Qxd1 Qe5+ 29.
Kg1 Qg5 30.f3 Qc5+ 31.Kh1 g6 32.Qg1 Qxg1+ 33.Kxg1 f5 34.f4 Kg7 35.Kf2 Kf6 36.
g4 fxg4 37.hxg4 h6 38.Kg3 a5 39.Bd3 b5 40.a3 Bd5 41.Bc2 Be6 42.Kh4 g5+ 43.Kg3
gxf4+ 44.Kxf4 Bd5 45.Bd1 Be6 1/2-1/2

[Event "Primera"]
[Site ""]
[Date "2006.??.??"]
[Round "4"]
[White "Fondón Alvaro"]
[Black "Cortés Cecilio"]
[Result "0-1"]
[WhiteElo "1658"]
[BlackElo "1792"]

1.e4 g6 2.Nf3 d6 3.d4 Bg7 4.h3 Nd7 5.Nc3 e5 6.d5 a6 7.Bg5 f6 8.Be3 Ne7 9.Be2
O-O 10.Qd2 b5 11.h4 f5 12.g3 Nf6 13.Bd3 b4 14.Ne2 fxe4 15.Bxe4 Nxe4 16.Qxb4
Nf6 17.Ng5 Nexd5 18.Qc4 Bb7 19.Ne6 Nxe3 20.fxe3 Bd5 21.Nxd8 Bxc4 22.Nc6 Bb5
23.Nb4 Ne4 24.Nd5 Bxe2 0-1